[Event "WLS-ch Minor 64th"]
[Site "Cardiff"]
[Date "2018.03.31"]
[Round "3"]
[White "Jones, Dewi"]
[Black "Langmaid, Kevin"]
[Result "0-1"]
[WhiteElo "1636"]
[BlackElo "1518"]
[PlyCount "62"]
[EventDate "2018.03.30"]
[EventType "swiss"]
[EventRounds "7"]
[EventCountry "WLS"]
[SourceTitle "EXT 2021"]
[Source "ChessBase"]
[SourceDate "2020.10.23"]
[SourceVersion "1"]
[SourceVersionDate "2020.10.23"]
[SourceQuality "1"]

1. Nf3 d5 2. g3 e6 3. Bg2 Nd7 4. 0-0 Ngf6 5. d3 Bc5 6. Nbd2 0-0 7. e4 dxe4 8. Nxe4 Nxe4 9. dxe4 e5 10. Qd3 h6 11. Rd1 Qe7 12. Qc3 Bd6 13. Nh4 Nf6 14. Nf5 Bxf5 15. exf5 Rab8 16. Be3 b6 17. a3 Ng4 18. Bd2 Bc5 19. Be1 a5 20. Qf3 Nf6 21. Bc3 Rfd8 22. Re1 Bd4 23. Rad1 c5 24. Bxd4 cxd4 25. Qe2 Qc5 26. Qxe5 Qxc2 27. Rxd4 Re8 28. Qxb8 Rxb8 29. Be4 Qxb2 30. Rd3 Nxe4 31. Rxe4 Qb1+ 0-1

[Event "WLS-ch Minor"]
[Site "Cardiff"]
[Date "2016.03.25"]
[Round "2"]
[White "Jones, Dewi"]
[Black "Langmaid, Kevin"]
[Result "0-1"]
[WhiteElo "1610"]
[BlackElo "1562"]
[PlyCount "112"]
[EventDate "2016.03.25"]
[EventType "swiss"]
[EventRounds "7"]
[EventCountry "WLS"]
[SourceTitle "EXT 2022"]
[Source "ChessBase"]
[SourceDate "2021.10.06"]
[SourceVersion "1"]
[SourceVersionDate "2021.10.06"]
[SourceQuality "1"]

1. Nf3 Nf6 2. g3 d5 3. Bg2 e6 4. 0-0 Be7 5. d3 h6 6. Nbd2 Nbd7 7. e4 dxe4 8. dxe4 e5 9. Re1 Nh7 10. Nc4 Bf6 11. Qd5 c6 12. Nd6+ Ke7 13. Nxc8+ Rxc8 14. Qb3 Qb6 15. Qxb6 Nxb6 16. Be3 c5 17. b3 Rhd8 18. Rad1 Rxd1 19. Rxd1 Nd7 20. Bh3 Nhf8 21. Nd2 b5 22. Nb1 Rc6 23. Rd5 a6 24. Nc3 Ne6 25. Rd2 Nd4 26. Nd5+ Ke8 27. Bg2 Bd8 28. f4 exf4 29. Bxf4 g5 30. Be3 Ne5 31. Kh1 Ndf3 32. Rd1 g4 33. Rf1 h5 34. Nf4 Bg5 35. Bc1 h4 36. Nd5 Bxc1 37. Rxc1 hxg3 38. Bxf3 gxf3 39. hxg3 Rh6+ 40. Kg1 Ng4 41. Rf1 f2+ 42. Kg2 Kd7 43. Kf3 Nh2+ 44. Kxf2 Nxf1 45. Kxf1 Kd6 46. Kg2 Ke5 47. Kf3 f5 48. Ne3 fxe4+ 49. Kg2 Rd6 50. c4 b4 51. Kh3 Rd3 52. Ng4+ Kf5 53. Nf2 Rd2 54. g4+ Kf4 55. g5 Rxf2 56. g6 Rf3+ 0-1